1 min European Capitals: by Capitals within 450 km - Statistics

General Stats
  • This quiz has been taken 631 times
  • The average score is 36 of 45
Answer Stats
CAPITAL CITY % Correct
Paris
99%
Amsterdam
98%
Brussels
98%
London
98%
Prague
95%
Belgrade
93%
Luxembourg
93%
San Marino
93%
Budapest
91%
Sarajevo
91%
Bern
90%
Stockholm
90%
Pristina
89%
Riga
89%
Sofia
89%
Zagreb
89%
Ljubljana
88%
Bratislava
86%
Vienna
86%
Berlin
85%
Rome
85%
Vatican City
85%
Podgorica
84%
Skopje
84%
Tirana
84%
Bucharest
81%
Helsinki
81%
Oslo
81%
Tallinn
81%
Vilnius
81%
Copenhagen
80%
Madrid
80%
Moscow
79%
Minsk
78%
Athens
73%
Chisinau
72%
Kiev
72%
Vaduz
72%
Monaco
68%
Lisbon
59%
Warsaw
59%
Reykjavik
47%
Dublin
45%
Valletta
36%
Andorra la Vella
27%
No matching quizzes found
Score Distribution
Percent of People with Each Score
Percentile by Number Answered
Your Score History
You have not taken this quiz